• AIU
  • Tony Wilmot Memorial Library

God and woman : (Record no. 64419)

MARC details
000 -LEADER
fixed length control field 00370nam a2200121 4500
082 0# - DEWEY DECIMAL CLASSIFICATION NUMBER
Classification number 261.8357
100 1# - MAIN ENTRY--PERSONAL NAME
Personal name Terry, J. O.
245 10 - TITLE STATEMENT
Title God and woman :
Remainder of title A chronological Bible storying model for storying the good news to a primarily oral culture Muslim women's worldview
Statement of responsibility, etc J.O. Terry
260 ## - PUBLICATION, DISTRIBUTION, ETC. (IMPRINT)
Date of publication, distribution, etc c.1998
300 ## - PHYSICAL DESCRIPTION
Extent 189 p.
700 1# - ADDED ENTRY--PERSONAL NAME
Personal name Terry, J. O.
942 ## - ADDED ENTRY ELEMENTS (KOHA)
Source of classification or shelving scheme
Koha item type Books

No items available.